000 00688nam a22002057a 4500
999 _c12051
_d12051
003 AR-CdUCM
008 190405b ||||| |||| 00| 0 spa d
040 _aMUNICIPALIDAD PROVINCIAL DEL CUSCO
_cBIBLIOTECA MUNICIPAL DEL CUSCO
082 _a869.624 /
_bV13 / 9282
100 _aVaca, Telmo N.
_929711
245 _aVoz de bronce y otras voces /
260 _aEcuador :
_bSenefelder,
_c1928.
300 _a113 páginas ;
_c16 cm.
505 _aContenido : Voz de bronce -- Voz de rebeldía -- Voces en la sombra -- Junto al mar ...
650 _aLiteratura
_983
650 _aEcuatoriana
_929712
650 _aLatinoamericana
_95799
942 _2ddc
_cLIBROS
945 _arah
_d05/04/2019